Devine la ville - Les Balkans - Statistiques

Statistiques générales
  • Ce quiz a été pris 263 fois
  • Le résultat moyen est 6 sur 12
Statistiques - réponses
Question Réponse % Correct
Autrefois appelé Byzance Istanbul
87%
On y trouve l'Acropole Athènes
82%
Ville serbe sur le Danube Belgrade
82%
Lieu où François-Ferdinand fut assassiné Sarajevo
81%
Capitale du Kosovo Pristina
79%
Plus grande ville de Slovénie Ljubljana
72%
Port appartenant autrefois à l'Autriche-Hongrie et devenu italien en 1921 Trieste
42%
3ème ville la plus peuplé de la région Sofia
34%
Architecture colorée mélangeant époques ottomanes, fasciste et soviétique Tirana
26%
Ville antique alliée à Sparte lors de la guerre du Péloponèse Corinthe
16%
La plus ancienne ville d'Europe encore peuplée Plovdiv
8%
Possède un titre d'honneur signifiant "cocapitale" Thessalonique
7%
Aucun quiz correspondant
Distribution des résultats
% des personnes avec chaque résultat
Percentile par nombre de réponses
Votre historique - résultats
Vous n’avez pas pris ce quiz